| 000 | 00748nam a22002177a 4500 | ||
|---|---|---|---|
| 999 |
_c9086 _d9086 |
||
| 003 | AR-CdUCM | ||
| 008 | 190327b ||||| |||| 00| 0 spa d | ||
| 020 | _a978-9972-9043-7-0 | ||
| 040 |
_aMUNICIPALIDAD PROVINCIAL DEL CUSCO _cBIBLIOTECA MUNICIPAL DEL CUSCO |
||
| 082 |
_a869.56 / _bT486 |
||
| 100 |
_aThorne, Carlos _92673 |
||
| 245 | _aBreviario para cuerdos / | ||
| 260 |
_aLima : _bRicardo Angulo Basombrío, _c2015. |
||
| 300 |
_a92 páginas ; _c20 cm. |
||
| 505 | _aContenido: De la verdad -- De Dios -- De eros -- Del mal -- Del destino -- Del tiempo -- Meditaciones -- De la palabra... | ||
| 650 |
_aProsas poéticas peruanas _92094 |
||
| 650 |
_aSiglo XX _98 |
||
| 650 |
_aInquisición _93501 |
||
| 942 |
_2ddc _cLIBROS |
||
| 945 | _adavv | ||